Tu te crois calé en sport ? Prouve-le. - Statistiques

Statistiques générales
  • Ce quiz a été pris 7 fois
  • Le résultat moyen est 1 sur 10
Statistiques - réponses
Hint Réponse % Correct
Qui est le seul joueur de l'histoire à avoir remporté la Ligue des Champions (UCL) avec trois clubs différents ? Clarence Seedorf .
57%
Quel joueur est le seul Jordanien de l’histoire à avoir joué dans un grand championnat européen ? Mousa Al-Tamari
57%
Qui a mis le premier but de la finale de la coupe du monde 1974 ? Johan Neeskens
14%
Quelle est la date quand Wilt Chamberlain a t'il marqué 100 points contre les Knicks de New York ? 2 mars 1962
0%
Quel joueur détient le record du plus grand nombre de lancers francs réussis en UN SEUL match NBA sans en manquer un seul (100% de réussite) ? Deron Williams
0%
Quel est le seul joueur de l'histoire de la LNH à avoir marqué un but dans les cinq situations de jeu possibles lors d'un même match ? Mario Lemieux
0%
Quel joueur du Canadien de Montréal détient le record du plus grand nombre de buts marqués en un seul match (6 buts), et en quelle année cet exploit a-t-il été réalisé ? Newsy Lalonde, le 10 janvier 1920
0%
Quel lanceur légendaire détient le record imbattable de 7 matchs sans point ni coup sûr en carrière ? Nolan Ryan
0%
Qui a quitté les Canadiens pour Nashville après des accusations de racisme envers l'équipe et quand ? P.K. Subban en 2016
0%
Quel est l'exploit défensif le plus rare de l'histoire du baseball majeur, réalisé seulement 15 fois, soit encore moins souvent qu'un match parfait ? Triple jeu sans assistance
0%
Aucun quiz correspondant
Distribution des résultats
% des personnes avec chaque résultat
Percentile par nombre de réponses
Votre historique - résultats
Vous n’avez pas pris ce quiz